000 00888nam a22002177a 4500
005 20081022122725.0
008 081022t xxu||||| |||| 00| 0 eng d
010 _aENG-84318
020 _a0195673425
020 _c2250.00 (hb)
035 _aEN-67851
082 _a934 / CHA
100 _aChakrabarti, Dilip K
245 _aThe Oxford companion to Indian archaeology :
_bthe archaeological foundations of ancient India stone age to AD 13th century /
_cby Dilip K Chakrabarti
260 _aNew Delhi
_bOxford University Press
_eYMCA Library Building, Jai Singh Road, New Delhi-110001
260 _c2006
300 _axiii,570p
_bill
_c27cm
500 _aIncludes bibliographical references and index
942 _2ddc
_cEN
_h934
_mCHA
999 _c17656
_d17656